000 00694nam a2200289Ia 4500
005 20260324132145.0
008 008 260324s9999 xx 000 0 eng d
020 _a9781315235974
037 _aEBOOK
040 _aCRL
040 _beng
040 _cCRL
041 _2eng
041 _aeng
084 _qCRL
100 _aKatherine Haldane Grenier
_91188232
245 0 _aTourism and Identity in Scotland, 1770–1914
245 0 _bCreating Caledonia
260 _bTaylor and Francis
260 _c2005
365 _a
365 _b230
856 _uhttp://www.taylorfrancis.com/books/9781315235974
942 _cEBOOK
999 _c1786064
_d1786064